000 00427nam a22001457a 4500
005 20180727125418.0
020 _a8175412259
_c495.00
035 _aB-164410, B-164409
037 _aDPL
_bENG
100 _aSingh, Shubha
245 _aOverseas Indians :
_bThe global family /
_cby Shubha Singh
260 _aDelhi
_bShipra Publications
_c2005
300 _av, 223p.
_c20 cms.
942 _2ddc
_cEN
_h305.891411
_mSIN
999 _c65417
_d65417